| 000 | 00605nam a2200181 i 4500 | ||
|---|---|---|---|
| 001 | 51066 | ||
| 003 | ES-MaACL | ||
| 007 | t| | ||
| 008 | 030808s1942 fr ||||1| fre d | ||
| 100 | 1 |
_aChantraine, Pierre. _937988 |
|
| 245 | 1 | 0 |
_aGrammaire Homerique _b: (phonetique et morphologie) / _cpar Pierre Chantraine. |
| 260 |
_aParis : _bKlincksieck, _c1942 ( _eMacon : _fProtat Frères) |
||
| 300 |
_a526 p. ; _c25 cm. |
||
| 490 | 1 |
_aCollection de philosophie clasique ; _v1 |
|
| 830 | 0 |
_aCollection de philosophie clasique ; _v1 _9230164 |
|
| 852 |
_aES-MaACL _jE-1716 _bR.22511 |
||
| 999 |
_c51066 _d51066 |
||